LIBRARY & INFORMATION CENTRE, KCAET, TAVANUR

ONLINE PUBLIC ACCESS CATALOGUE (OPAC)

second word war / (Record no. 12466)

MARC details
000 -LEADER
fixed length control field 00410cam a2200169ua 4500
041 ## - LANGUAGE CODE
Language code of text/sound track or separate title eng
082 ## - DEWEY DECIMAL CLASSIFICATION NUMBER
Classification number 940.53
Item number CHU/SE
100 ## - MAIN ENTRY--AUTHOR NAME
Personal name Charchill, Winston .
245 ## - TITLE STATEMENT
Title second word war /
260 ## - PUBLICATION, DISTRIBUTION, ETC. (IMPRINT)
Place of publication London :
Name of publisher Cassel and Company ,
Year of publication 1965.
300 ## - PHYSICAL DESCRIPTION
Number of Pages 334 ; .
942 ## - ADDED ENTRY ELEMENTS (KOHA)
Koha item type Books
Holdings
Withdrawn status Lost status Damaged status Home library Current library Date acquired Full call number Accession Number Koha item type Public note
Withdrawn     KAUAET Malayalam University 07/04/2012 940.53 8011 Books Transferred to Malayalam University
free website counter